Central Library OPAC University of Rajshahi

Logic and psychology / (Record no. 30130)

MARC details
000 -LEADER
fixed length control field 00879cam a22002651 4500
001 - CONTROL NUMBER
control field 30130
003 - CONTROL NUMBER IDENTIFIER
rucl marc code BD-RjUL
005 - DATE AND TIME OF LATEST TRANSACTION
control field 20211209051522.0
008 - FIXED-LENGTH DATA ELEMENTS--GENERAL INFORMATION
fixed length control field 140409r19561953enka 000 0 eng
035 ## - SYSTEM CONTROL NUMBER
System control number (BD-RjUL)30215
System control number (OCoLC)1732737
040 ## - CATALOGING SOURCE
Original cataloging agency DLC
Transcribing agency IDeKN
Modifying agency OCoLC
-- DLC
-- BD-RjUL
Language of cataloging eng
041 1# - LANGUAGE CODE
Language code of text/sound track or separate title engund
082 ## - DEWEY DECIMAL CLASSIFICATION NUMBER
Classification number 160
Author mark and year PIL 1956
100 1# - MAIN ENTRY--PERSONAL NAME
Personal name Piaget, Jean,
Dates associated with a name 1896-1980.
9 (RLIN) 3700
245 10 - TITLE STATEMENT
Title Logic and psychology /
Statement of responsibility, etc. With an introd. on Piaget's logic by W. Mays.
260 ## - PUBLICATION, DISTRIBUTION, ETC. (IMPRINT)
Place of publication, distribution, etc. London :
Name of publisher, distributor, etc. Manchester University,
Date of publication, distribution, etc. 1953 [Reprinted 1956].
300 ## - PHYSICAL DESCRIPTION
Pagination 48 p. :
Illustrations ill. ;
Size 19 cm.
500 ## - GENERAL NOTE
General note Based on 3 lectures which were delivered in the University of Manchester Oct. 1952, translated by W. Mays and F. Whitehead.
650 #0 - SUBJECT ADDED ENTRY--TOPICAL TERM
Topical term or geographic name as entry element Logic.
9 (RLIN) 91614
Topical term or geographic name as entry element Psychology.
9 (RLIN) 91615
942 ## - ADDED ENTRY ELEMENTS (KOHA)
Source of classification or shelving scheme Dewey Decimal Classification
Koha item type Books
Holdings
Lost status Source of classification or shelving scheme Damaged status Not for loan Collection code Permanent Location Current Location Shelving location Date acquired Source of acquisition Cost, normal purchase price Total Checkouts Full call number Date last seen Copy number Koha item type
  Dewey Decimal Classification   Added to bundle Non-fiction Central Library, University of Rajshahi Central Library, University of Rajshahi Reading Room 02/05/1964 Zitlinger 7.60   160 PIL 1956 09/04/2014 C-1 Books
  Dewey Decimal Classification     Non-fiction Central Library, University of Rajshahi Central Library, University of Rajshahi   02/05/1964 Zitlinger 7.60   160 PIL 1956 09/04/2014 C-4 Books
  Dewey Decimal Classification     Non-fiction Central Library, University of Rajshahi Central Library, University of Rajshahi   02/05/1964 Zitlinger 7.60   160 PIL 1956 09/04/2014 C-5 Books
  Dewey Decimal Classification     Non-fiction Central Library, University of Rajshahi Central Library, University of Rajshahi   02/05/1964 Zetlinger 7.60   160 PIL 1956 09/04/2014 C-2 Books
  Dewey Decimal Classification     Non-fiction Central Library, University of Rajshahi Central Library, University of Rajshahi   02/05/1964 Zetlinger 7.60   160 PIL 1956 09/04/2014 C-3 Books